| 000 | 00789nac a22002051u 4500 | ||
|---|---|---|---|
| 008 | 120115s2007 uk|||||r|||| 00| 0 eng d | ||
| 020 | _a9781859649169 | ||
| 082 |
_a371.30281 _bNUK _222 |
||
| 100 |
_aNukui, Clare _928383 |
||
| 245 |
_aAcademic culture/ _cClare Nukui with Lucy Norris & Fiona McGarry _pCourse book _nModule 2 |
||
| 260 |
_aLondon: _bGarnet pub.,2007 _c2007 |
||
| 300 |
_a30p.: _b ill.; _c26 cm. |
||
| 440 |
_aUniversity foundation study _928384 |
||
| 650 |
_aStudy skills _928385 |
||
| 650 |
_aLife skills _928386 |
||
| 700 |
_aNorris, Lucy _928387 |
||
| 700 |
_aMcGarry, Fiona _928388 |
||
| 942 |
_cNB _k371.30281N968 _2ddc |
||
| 999 |
_c4847 _d4847 |
||